JAVA 2 The Complete Reference (Record no. 3063)

MARC details
000 -LEADER
fixed length control field 00341nam a2200145Ia 4500
008 - FIXED-LENGTH DATA ELEMENTS--GENERAL INFORMATION
fixed length control field 191201s2007 xx 000 0 und d
082 ## - DEWEY DECIMAL CLASSIFICATION NUMBER
Classification number 005.133
Item number SCJ
100 ## - MAIN ENTRY--PERSONAL NAME
Personal name SCHILDT, Herbert
245 #0 - TITLE STATEMENT
Title JAVA 2 The Complete Reference
250 ## - EDITION STATEMENT
Edition statement 5th
260 ## - PUBLICATION, DISTRIBUTION, ETC. (IMPRINT)
Place of publication, distribution, etc N.Delhi
Name of publisher, distributor, etc TMH
Date of publication, distribution, etc 2007
300 ## - PHYSICAL DESCRIPTION
Extent 1154
650 ## - SUBJECT ADDED ENTRY--TOPICAL TERM
Topical term or geographic name as entry element B.Tech(IT)
942 ## - ADDED ENTRY ELEMENTS (KOHA)
Source of classification or shelving scheme Dewey Decimal Classification
Koha item type Text Books
Holdings
Withdrawn status Lost status Source of classification or shelving scheme Damaged status Not for loan Collection code Home library Current library Date acquired Source of acquisition Cost, normal purchase price Bill Number Total Checkouts Full call number Acc. no. / Barcode Date last seen Bill Date Koha item type Date last borrowed Checked out Public note
    Dewey Decimal Classification     B.Tech(IT) PIET C-LIBRARY PIET C-LIBRARY 22/08/2007 J B C, New Delhi 450.00 718   005.133 SCJ 7193 04/12/2019 30/07/2007 Text Books      
    Dewey Decimal Classification     B.Tech(IT) PIET C-LIBRARY PIET C-LIBRARY 22/08/2007 J B C, New Delhi 450.00 718 1 005.133 SCJ 7194 15/09/2022 30/07/2007 Text Books 09/09/2022    
    Dewey Decimal Classification     B.Tech(IT) PIET C-LIBRARY PIET C-LIBRARY 22/08/2007 J B C, New Delhi 450.00 718 1 005.133 SCJ 7195 06/06/2022 30/07/2007 Text Books 23/05/2022    
    Dewey Decimal Classification     B.Tech(IT) PIET C-LIBRARY PIET C-LIBRARY 22/08/2007 J B C, New Delhi 450.00 718 4 005.133 SCJ 7196 19/12/2025 30/07/2007 Text Books 05/12/2025    
    Dewey Decimal Classification     B.Tech(IT) PIET C-LIBRARY PIET C-LIBRARY 22/08/2007 J B C, New Delhi 450.00 718 3 005.133 SCJ 7197 08/12/2025 30/07/2007 Text Books 22/11/2025    
    Dewey Decimal Classification     B.Tech(IT) PIET C-LIBRARY PIET C-LIBRARY 22/08/2007 J B C, New Delhi 450.00 718 1 005.133 SCJ 7198 21/01/2022 30/07/2007 Text Books 21/01/2022 20/07/2022 .

Design & Developed by: PIET Central Library
R70 Miles Stone Pattikalyana Samalkha Panipat 132102
mail ID :- [email protected], Phone No:- 0180-2569700 Ex.216